Derecho penal en la Edad Media

Saved in:
Bibliografiske detaljer
Hovedforfatter: Gómez Pavajeau, Carlos Arturo (Author)
Format: Bog
Sprog:spansk
Udgivet: Bogotá Universidad Externado de Colombia 2012
Udgivelse:2a. ed
Fag:
Tags: Tilføj Tag
Ingen Tags, Vær først til at tagge denne postø!

MARC

LEADER 00000cam a2200000 a 4500
001 UCD0136
003 CL-VaPUC
008 151120e20120000ck |||||||||||||||||spa|d
020 |a 9789587107913 
082 0 4 |a 345.00902  |b GOM  |2 21 
100 |a Gómez Pavajeau, Carlos Arturo  |e author  |9 583150 
245 1 0 |a Derecho penal en la Edad Media 
250 |a 2a. ed 
300 |a 124 p 
942 |c BK 
945 |d 20151120 13:39:00  |a dcastane 
260 |a Bogotá  |b Universidad Externado de Colombia  |c 2012 
650 7 |a DERECHO PENAL  |2 CL-VaPUC  |9 11 
650 0 |a Derecho medieval  |9 314261 
650 0 |a Edad media  |9 258041 
583 |a last modification  |c 20151120 13:39:00  |k Rodrigo Vera 
999 |c 361757  |d 361755 
952 |0 0  |1 0  |3 erb  |4 0  |6 345_009020000000000_GOM_2012  |7 0  |8 DER_HDC  |9 472405  |a BIBDER  |b BIBDER  |i 5250633  |o 345.00902 GOM 2012  |p 5250633  |r 2023-01-25  |w 2019-11-24  |x Ubicación 4to Piso  |y BK  |z Estos recursos deben solicitarse con anticipación  |k DER